banner koha

Treatment of periodontal disease with guided tissue regeneration technique using a hydroxyapatite and polycaprolactone membrane (Registro n. 329857)

MARC details
000 -LÍDER
fixed length control field 05090nab a2200349 i 4500
003 - CÓDIGO MARC DA AGÊNCIA CATALOGADORA
Campo de controle BR-BrBNA
005 - DATA E HORA DA ÚLTIMA ATUALIZAÇÃO
Campo de controle 20250207102250.0
008 - CAMPO DE TAMANHO FIXO
fixed length control field 250207b2016 bl.|r|pooa||| 00| 0 eng |
040 ## - FONTE DA CATALOGAÇÃO
Agência catalogadora BR-BrBNA
Idioma da catalogação eng
072 ## - CATEGORIA AGRIS
Código AGRIS L70
Código do objeto 5400
072 ## - CATEGORIA AGRIS
Código AGRIS L73
072 ## - CATEGORIA AGRIS
Código AGRIS L74
100 ## - ENTRADA PRINCIPAL - NOME PESSOAL
Nome pessoal Martins, L.M.A.
100 ## - ENTRADA PRINCIPAL - NOME PESSOAL
Nome pessoal Valente, F.L.
100 ## - ENTRADA PRINCIPAL - NOME PESSOAL
Nome pessoal Reis, E.C.C.
100 ## - ENTRADA PRINCIPAL - NOME PESSOAL
Nome pessoal Sepúlveda, R.V.
100 ## - ENTRADA PRINCIPAL - NOME PESSOAL
Nome pessoal Perdigão, A.P.L.
100 ## - ENTRADA PRINCIPAL - NOME PESSOAL
Nome pessoal Borges, A.P.B.
245 ## - TÍTULO PRINCIPAL
Título principal Treatment of periodontal disease with guided tissue regeneration technique using a hydroxyapatite and polycaprolactone membrane
500 ## - NOTA GERAL
Nota geral <br/>Publicação online; 19 ref.; 6 illus.; Summaries (En, Pt)
942 ## - ADDED ENTRY ELEMENTS (KOHA)
Koha item type Analítica
520 ## - NOTA DE RESUMO
Nota de conteúdo <br/><br/><br/>ABSTRACT - The aim of this study was to evaluate the use of a malleable membrane composed of hydroxyapatite (60%) and polycaprolactone (40%) as treatment of periodontal disease experimentally induced in dogs. A bone defect of standardized dimensions was created between the roots of the third and fourth premolar of 12 dogs for periodontal disease induction. Six dogs had the defect covered by the membrane and six dogs received only standard treatment for periodontal disease, also applied to dogs in the treated group. The animals were clinically monitored during the experiment. Radiographs were taken after surgery and at 60 days after treatment initiation. Clinical attachment level was also assessed in those moments. On the 60th day, dental sample of all animals, containing tooth, defect and periodontal tissues, were harvested, fixed in formalin and analyzed by microtomography and histology. During the experimental period, the animals showed no pain and purulent discharge, however, there was dehiscence in 50% of animals and membrane exposure in five out of six animals in the treated group. Clinical attachment level showed no difference between groups. Radiographs showed radiopacity equal to the alveolar bone in both groups. The microtomography revealed that the control group had higher bone volume in the defect compared to the treated group; however, the furcation was not filled by new alveolar bone in any animal. Histological analysis revealed that junctional epithelium invasion was lighter in the control group. New bone was only observed in the apical edge of the defect in both groups. Although the composite is biocompatible and able to keep the space of the defect, it did not promote periodontal tissue regeneration within 60 days of observation.<br/><br/><br/><br/>Keywords: biomaterial, animal model, dentistry
520 ## - NOTA DE RESUMO
Nota de conteúdo <br/><br/><br/>RESUMO - O objetivo do presente trabalho foi avaliar a utilização de membrana moldável constituída por hidroxiapatita (60%) e policaprolactona (40%) como tratamento da doença periodontal, induzida experimentalmente em cães. Um defeito ósseo de dimensões padronizadas foi realizado entre as raízes do terceiro e do quarto pré-molares de 12 cães para indução da doença periodontal. Todos os cães receberam tratamento padrão para doença periodontal, e seis desses animais foram tratados também com a aplicação da membrana sobre o defeito. Os animais foram acompanhados clinicamente durante o experimento. Radiografias foram realizadas no pós-operatório e aos 60 dias após o início do tratamento. O nível clínico de inserção também foi avaliado nesses momentos. Aos 60 dias, a amostra dental de todos os animais contendo o dente, o defeito e os tecidos periodontais foi coletada, fixada em formol e analisada por microtomografia e histologia. Durante o período experimental, os animais não apresentaram dor e secreção purulenta, entretanto houve deiscência em 50% dos animais e exposição de membrana em cinco dos seis animais do grupo tratado. Nível clínico de inserção não apresentou diferença entre os grupos. As imagens radiográficas mostraram radiopacidade igual ao osso alveolar em ambos os grupos. A microtomografia revelou que o grupo controle apresentou maior volume ósseo no defeito em relação ao grupo tratado, no entanto, em todos os animais, a região de furca não foi preenchida por novo osso alveolar. A análise histológica revelou que a invasão por epitélio juncional foi mais discreta no grupo controle. Osso novo foi apenas observado na borda apical do defeito em ambos os grupos. Embora o compósito seja biocompatível e tenha sido capaz de manter o espaço do defeito, ele não promoveu a regeneração dos tecidos periodontais no período de 60 dias de observação.<br/><br/><br/>Palavras-chave: biomaterial, modelo animal, odontologia
650 ## - ASSUNTO - THESAGRO
Cabeçalho tópico ou nome geográfico CÃO
650 ## - ASSUNTO - THESAGRO
Cabeçalho tópico ou nome geográfico DISTÚRBIO FISIOLÓGICO
650 ## - ASSUNTO - THESAGRO
Cabeçalho tópico ou nome geográfico DOENÇA ANIMAL
650 ## - ASSUNTO - THESAGRO
Cabeçalho tópico ou nome geográfico ODONTOLOGIA
650 ## - ASSUNTO - THESAGRO
Cabeçalho tópico ou nome geográfico VETERINÁRIA
773 0# - ENTRADA ANALÍTICA
Host Biblionumber 1643
Registro do item 348216
Imprenta Belo Horizonte-MG Universidade Federal de Minas Gerais - Escola de Veterinaria 1983
Outro identificador 2025-0705
Título Arquivo Brasileiro de Medicina Veterinária e Zootecnia (Brazil)
ISSN 0102-0935
Colação v. 68(6) p. 1413-1421; (2016)
Número de controle de registro BR2024004566
856 ## - ACESSO E ENDEREÇO ELETRÔNICO
Identificador uniforme de recurso - URI https://www.scielo.br/j/abmvz/a/TS9dWwJK99sQCLNzrkpjxXk/?format=pdf&lang=en

Nenhum exemplar disponível.

BINAGRI

Telefone: (61)3218-2567/2388/3357/2097 - binagri@agro.gov.br

Ministério da Agricultura e Pecuária , Esplanada dos Ministérios, Bloco D, Anexo B, Brasília/DF, CEP: 70.043-900